Nicki Minaj Monster Verse - Statistics

General Stats
  • This quiz has been taken 593 times
  • The average score is 187 of 271
Answer Stats
Answer % Correct
a
100%
I
99%
I
99%
U
99%
in
98%
C
97%
F
97%
monster
97%
Monster
97%
up
96%
that
95%
the
95%
bitch
94%
from
94%
I'm
94%
K
94%
N
94%
Pull
94%
With
94%
with
94%
bad
93%
Lanka
93%
You
92%
Sri
92%
you
92%
automobile
91%
came
91%
Then
91%
what
91%
eat
90%
your
90%
and
89%
And
89%
but
89%
But
89%
but
89%
first
89%
Willy
88%
Ye
88%
do
87%
mother
87%
Queen
87%
Wonka
87%
be
86%
gangsta
86%
I'll
85%
conquer
84%
king
84%
that's
84%
watch
84%
Cause
83%
cause
83%
of
83%
things
82%
fuck
81%
color
80%
Yeah
80%
Yeah
80%
brains
79%
teeth
79%
gold
78%
start
78%
fangs
77%
money
77%
rockin
76%
fake
75%
my
75%
Tonka
75%
motherfuckin
73%
no
73%
could
72%
face
72%
Ah
71%
for
71%
get
71%
Milan
71%
ain't
70%
all
70%
All
70%
me
70%
funny
70%
me
70%
Barbie
69%
Hairdresser
69%
shoe
69%
this
68%
ten
68%
this
68%
it
67%
let
67%
rookie?
67%
bank
66%
So
66%
so
66%
times
66%
album
65%
if
65%
pay?
65%
straight
65%
is
64%
Nicki
64%
out
64%
heel
63%
verse
63%
wait
63%
climb
61%
Fifty
60%
She
60%
tall
59%
features
58%
crew
57%
gotta
57%
notice
57%
Okay
57%
Young
57%
on
56%
when
56%
I'ma
55%
shows
55%
than
55%
climate
53%
Giuseppe
53%
Eastern
53%
Hotter
53%
Middle
53%
Forget
52%
fuckin
52%
give
52%
Give
52%
she's
51%
Barbies
50%
don't
49%
roster
48%
cheesecake
46%
sign
44%
really
42%
diet
41%
track
41%
minded
40%
one
40%
eatin
39%
say
39%
them
38%
Just
37%
just
37%
play
37%
think
37%
can't
36%
child's
36%
money's
36%
they
36%
Chucky
35%
pockets
35%
titties
35%
wine
35%
Pink
34%
these
34%
Besides
33%
besides
33%
em
33%
dutty
33%
whip
33%
ass
32%
stand
32%
day
31%
wig
31%
lash
31%
another
30%
bride
30%
career
30%
it's
29%
killed
29%
mild
29%
thick
29%
Tony
29%
at
28%
big
28%
Friday
28%
look
27%
Now
26%
should
26%
cash
25%
Violent
25%
fast
24%
live
24%
make
24%
saw
24%
Matterhorn
23%
menage
21%
blink
19%
Amb
9%
No matching quizzes found
Score Distribution
Percent of People with Each Score
Percentile by Number Answered
Your Score History
You have not taken this quiz